000 00455nam a2200169Ia 4500
008 240729s9999 xx 000 0 und d
022 _a2666-9153
245 0 _aJournal of Affective Disorders Reports
260 _aNetherlands
260 _bElsevier
650 _a Mental healing
650 _a Other systems of medicine
650 _aMedicine
856 _uhttps://doaj.org/toc/e2d7e4bf4e584452b777a3c4dca251de
942 _2ddc
942 _cDOAJEJ
999 _c66170
_d66170
945 _a1
_bMadushi Gamage
_c1
_dMadushi Gamage